000
00330nam a2200133Ia 4500
005
20251222144845.0
008
251222s9999||||xx |||||||||||||| ||spa||
020
_a
978-84-321-3633-7
082
_a
288.2/B38
100
_a
Beleña Lopéz, Ángel
245
0
_a
Sociopolítica del hecho religioso:
264
_b
Rialp
942
_c
LIB
999
_c
21396
_d
21396